| 000 | 00988nam a22002897a 4500 | ||
|---|---|---|---|
| 003 | CHAP | ||
| 005 | 20220817041831.0 | ||
| 008 | 971013s1942 r 10010 d | ||
| 010 | _a25957 | ||
| 011 | _a26929 | ||
| 035 | _a31030 | ||
| 040 | _cCHAP | ||
| 082 |
_a368.123 _bC65 |
||
| 111 | 0 | 0 |
_aConferencia Interamericana de Agricultura _n(2 _d: 1942 _c: México, D.F.) |
| 245 |
_aSeguros contra riesgos en la agricultura y ganadería _b: ponencia del Banco Nacional de Crédito Ejidal |
||
| 260 |
_aMéxico : _b(s.e.), _c1942 |
||
| 300 |
_a140 h. _b: ilus. ; mapas |
||
| 590 |
_aBATCH-UPD _b10 _c20130110 _lUCH01 _h1643 |
||
| 590 |
_aBATCH-UPD _b10 _c20130410 _lUCH01 _h1033 |
||
| 590 |
_aBATCH-UPD _b10 _c20130914 _lUCH01 _h1954 |
||
| 590 |
_aCONVERSION _b10 _c20130109 _lUCH01 _h1315 |
||
| 650 | 1 | 4 |
_aSeguro agrícola _xMéxico. _9103708 |
| 650 | 1 | 4 |
_aSeguro ganadero _xMéxico. _9103727 |
| 901 | _aBK | ||
| 942 | _cLIBRO | ||
| 949 |
_a368.123 C65 _bBC _cLIBRO _d-71891 _eLIBRO _h13594 _i31030 _mD _si |
||
| 999 |
_c25957 _d25957 |
||